Gastrointestinal anatomy and physiology: the essentials (Record no. 30409)

MARC details
000 -LEADER
fixed length control field 00556nam a2200181Ia 4500
020 ## - INTERNATIONAL STANDARD BOOK NUMBER
ISBN 9780470674840
050 ## - CALL MARK
Classification number QP 145 .G37/
100 ## - STATEMENT OF RESPONSIBILITY--MAIN AUTHOR NAME
Personal name Edited by John F. Reinus and Douglas Simon
245 #0 - TITLE STATEMENT
Title Gastrointestinal anatomy and physiology: the essentials
260 ## - PUBLICATION, DISTRIBUTION, ETC. (IMPRINT)
Place of publication New Jersey
260 ## - PUBLICATION, DISTRIBUTION, ETC. (IMPRINT)
Name of publisher John Wiley & Sons
260 ## - PUBLICATION, DISTRIBUTION, ETC. (IMPRINT)
Year of publication 2014
300 ## - PHYSICAL DESCRIPTION
Number of Pages 188 p
650 ## - SUBJECT ADDED ENTRY--TOPICAL TERM
Topical Term Digestive System--anatomy & histology. Digestive System Physiological Phenomena
942 ## - ADDED ENTRY ELEMENTS (KOHA)
Koha item type Books
Holdings
Withdrawn status Lost status Source of classification or shelving scheme Damaged status Not for loan Permanent Location Current Location Shelving location Date acquired Accession Number Price effective from Koha item type
    Library of Congress Classification     NILE UNIVERSITY OF NIGERIA - MAIN LIBRARY NILE UNIVERSITY OF NIGERIA - MAIN LIBRARY Items on shelf 04/23/2025 0188180 04/23/2025 Books